000 00991nam2a2200253 4500
001 RU\NLR\bibl\1226756
005 20250615113002.0
010 _a978-5-94759-061-6
_94000
021 _aRU
_b2008-21793
_91194
035 _a(NLR Aleph) 001213063
090 _a90520
_c90520
100 _a20080514d2008 |||y0rusy50 ca
101 0 _arus
102 _aRU
105 _aa |||||||||
200 0 _a42-90
210 _d2008
_aБ. м.
215 _a942, [1] с.
_cил.
461 0 _1001RU\NLR\bibl\1262935
_12001#$aТолкование на Евангелие от Матфея$v42-90
_9306424
_aИоанн Златоуст (архиепископ Константинопольский ; ок.347-407)
_cМосква
_d2008
_fсвт. Иоанн Златоуст
_nПравило веры
_oбеседы
_tТолкование на Евангелие от Матфея
_v42-90
801 0 _aRU
_bNLR
_c20080514
_gRCR
801 1 _aRU
_bNLR
_c20080514
942 _cBOOK
980 _aNB